Guess the Unreleased Lana Del Rey Song by Lyrics - Statistics

General Stats
  • This quiz has been taken 19 times
  • The average score is 6 of 15
Answer Stats
Lyrics Song % Correct
"give me coffee, utah love / i'm the kind of girl you dream of / and i'm trying to tell you what i dream of, and that's gas stations / with slurpee machines and organs playing / preferably with smoking inside if you can swing it / and i'd be real pleased if we could find one just like it again." queen of the gas station
81%
"i heard a man screaming "lights, camera, action." / i c-c-can't remember what happened / i overdose you throw me over your shoulder / i was dying, you was screaming "open up that lamborghini." heavy hitter
56%
"you used to call yourself the don and call me queen diana / you always make me blush and say "shut up, boy you bananas!" / you pull my hair and push me down and chase me, make me run / you played me biggie smalls and then my first nirvana song / so even then, when no one's friends were really serious / i knew you loved me by the way you looked in second period." prom song (gone wrong)
56%
"i'm so hot, i ignite / dancing in the dark and i shine / like a light, i'm luring you / sneak up on you really quiet / whisper "am i what your heart desires?" / i can be your ingenue / keep you safe and inspired / baby, let your fantasies unwind / we can do what you wanna do." serial killer
56%
"i am the trailer park darling / he is the one time come back king / he knows thati be looking to die / he says, baby, pay respect to the high / he knows it's a big bad world / knows i'm a good girl / he understands the sale of self / 'cause cash come quick when looks can kill." hundred dollar bill
50%
"maybe we could go to suede tokyo / or see van halen at their reunion show / heavy metal hour on TV / diamond dave and ray lee / and you salute me, miss america / because i am, i am." mermaid motel
50%
"i don't wanna fight / boy you got me crazed in the middle of the night / he writes that he's outside / i left my window open, baby, you can come inside / call me when you get here / i'll be ready for you / 'cause i heart you, you're the one that i adore." bbm baby
44%
"he's the get-rich-quick type / mafioso hit type / girl i'm gonna marry him /i'm the bad girl next door / baby's always wanting more / buying diamond jewelry / take me to the jersey shore." dangerous girl
44%
"don't go and blow it all, it's bad enough baby / i don't wanna hear you saying "it's not you, it's me." / if there's blood on my hands, you should let me know / if you're done with the dance, you should let me go / baby, you said it all / there's nothing you can say to [song title]." break my fall
25%
"mommy's mercedes or billy's pickup truck / come home late at nightand baby picks me up / tell him just drive on and d-don't ever stop / don't take me home again, take me to the new land." driving in cars with boys
25%
"it isn't hard to see you've got a hold on me / give me your money, love meto death / talk like a baby 'cause i'm so elated / he tell me i ain't seen nothing yet." because of you
19%
"i belong to a bygone era, like the scarlet o'hara of the downtown scene / 'cause i just wanna dream / i just wanna drink / i'm a pop blues singer / fam-bam zinger / mansfield ringer from the hollywood silver screen / silver screen." dum dum
19%
"the headlights on passing cars / they illuminate my face and leave me the dark / the voiceof nirvana says "come as you are" / and i will / nighttime is almost ours." oh say can you see
19%
"baby, you're making me crazier than i am / so lately, i've been taking my violets, my oranges, my reds / take the gun and put it to my head / so i forget, so i just forget again / you make me forget again." valley of the dolls
19%
"all that's real to me is marilyn and jesus / jumping off of bridges / sparklers and streamers, honey / i wanna fly, i wanna fly, i wanna fly. / all that's real to me is halloween and jesus / coney island beaches / chandeliers and seizures, honey / i wanna fly, i wanna fly, i wanna fly." the man i love
6%
No matching quizzes found
Score Distribution
Percent of People with Each Score
Percentile by Number Answered
Your Score History
You have not taken this quiz